Statistics for Guess the space probe/satellite

Click here to take the quiz!

General Stats

  • This quiz has been taken 25 times
  • The average score is 10 of 19

Answer Stats

Answer% Correct
ISS
100%
Sputnik 1
100%
Voyager
96%
Space shuttle
88%
New Horizons
67%
Cassini
58%
Juno
58%
Mir
58%
Skylab
58%
Explorer 1
46%
Pioneer
46%
soyuz
46%
Starship
46%
Mariner 2
42%
Galileo
38%
Crew dragon
29%
Parker solar probe
17%
Dawn
13%
Mechta
13%

Score Distribution

Percentile by Number Answered

Percent of People with Each Score

Your Score History

You have not taken this quiz